| 000 | 00456nam a2200193Ia 4500 | ||
|---|---|---|---|
| 005 | 20240823041903.0 | ||
| 008 | 240823s9999||||xx |||||||||||||| ||und|| | ||
| 020 | _a81-7008-853-4 | ||
| 041 | _aENGLISH | ||
| 082 | _A624 P5 | ||
| 100 | _aPunmia B C [etal] | ||
| 245 | 0 | _aSurveying Vol I | |
| 250 | _a16th | ||
| 260 |
_c2005 _bLaxmi Publication (P _aNew Delhi |
||
| 500 | _aTRANSFERED | ||
| 650 |
_aSurveying _bCivil |
||
| 942 | _cBK | ||
| 999 |
_c206573 _d206573 |
||